00310nam a2200109 a 4500008004100000050001700041100002000058245005000078260004800128300001500176350000900191120416s1972 ||||||||||||||||| || u aHB 74.M3 Ben aBenavie, Arthur10aMathematical techniques for economic analysis aEnglewood CliffsbN.J., Prentice-Hallc1972 axii, 287p. a0.00